[Event "POL-chT U20 2nd League"]
[Site "Szczyrk"]
[Date "2017.07.28"]
[Round "9.56"]
[White "Kebel, Bartosz"]
[Black "Czarnomski, Dominik"]
[Result "1/2-1/2"]
[WhiteElo "1252"]
[BlackElo "1547"]
[PlyCount "92"]
[EventDate "2017.07.22"]
[EventType "team-swiss"]
[EventRounds "11"]
[EventCountry "POL"]
[SourceTitle "EXT 2019"]
[Source "ChessBase"]
[SourceDate "2018.10.10"]
[SourceVersion "1"]
[SourceVersionDate "2018.10.10"]
[SourceQuality "1"]

1. d4 e6 2. c4 f5 3. Nc3 Nf6 4. Bg5 b6 5. e4 fxe4 6. Nxe4 Bb4+ 7. Nc3 0-0 8. Be2 Bb7 9. Nf3 Nc6 10. 0-0 Bxc3 11. bxc3 h6 12. Bh4 Ne7 13. Qc2 Be4 14. Qd2 Nf5 15. Bxf6 Rxf6 16. Rfe1 d6 17. Bd1 Bb7 18. Qd3 Qf8 19. d5 e5 20. Bc2 g6 21. Re2 Re8 22. Rae1 Bc8 23. Nd2 Qg7 24. Ne4 Rff8 25. Ng3 Nxg3 26. Qxg3 Bf5 27. Bxf5 gxf5 28. Qh3 Kh7 29. Re3 Qg4 30. Qxg4 fxg4 31. Re4 Rg8 32. R1e3 Ref8 33. h3 gxh3 34. Rxh3 Rg6 35. Reh4 Kg7 36. f3 Rf5 37. Kf2 Rgf6 38. Ke3 Rf4 39. Rxf4 Rxf4 40. Rg3+ Kh7 41. Kd3 Rh4 42. Rh3 Rxh3 43. gxh3 Kg6 44. Ke4 Kg5 45. c5 bxc5 46. c4 a6 1/2-1/2

[Event "POL-chT U20 2nd League"]
[Site "Szczyrk"]
[Date "2017.07.27"]
[Round "8.62"]
[White "Roszkiewicz, Anna"]
[Black "Kebel, Bartosz"]
[Result "1/2-1/2"]
[WhiteElo "1420"]
[BlackElo "1252"]
[PlyCount "60"]
[EventDate "2017.07.22"]
[EventType "team-swiss"]
[EventRounds "11"]
[EventCountry "POL"]
[SourceTitle "EXT 2019"]
[Source "ChessBase"]
[SourceDate "2018.10.10"]
[SourceVersion "1"]
[SourceVersionDate "2018.10.10"]
[SourceQuality "1"]

1. e4 c5 2. Nf3 Nc6 3. d4 cxd4 4. Nxd4 Nf6 5. Nc3 d6 6. Bg5 e6 7. Be2 Be7 8. Be3 a6 9. 0-0 Qc7 10. f4 b5 11. Nxc6 Qxc6 12. Bf3 e5 13. a3 Bb7 14. f5 Qc4 15. Qd3 Qxd3 16. cxd3 0-0 17. Rac1 Rac8 18. Rfd1 Rc6 19. d4 Rfc8 20. d5 Rc4 21. Be2 R4c7 22. Bb6 Rd7 23. Bf3 Bd8 24. Be3 Rdc7 25. Kf2 Kf8 26. g4 Nd7 27. Ke2 Nc5 28. Na2 Na4 29. Rxc7 Rxc7 30. Rd2 h6 1/2-1/2

[Event "POL-chT U20 2nd League"]
[Site "Szczyrk"]
[Date "2017.07.26"]
[Round "7.51"]
[White "Kebel, Bartosz"]
[Black "Syczewski, Anatolij"]
[Result "1/2-1/2"]
[WhiteElo "1252"]
[BlackElo "1314"]
[PlyCount "105"]
[EventDate "2017.07.22"]
[EventType "team-swiss"]
[EventRounds "11"]
[EventCountry "POL"]
[SourceTitle "EXT 2019"]
[Source "ChessBase"]
[SourceDate "2018.10.10"]
[SourceVersion "1"]
[SourceVersionDate "2018.10.10"]
[SourceQuality "1"]

1. d4 c6 2. c4 d5 3. Nc3 e6 4. Nf3 Nf6 5. Bg5 Nbd7 6. Qc2 h6 7. Bh4 Be7 8. e3 0-0 9. Bd3 b6 10. 0-0 Bb7 11. Rac1 a5 12. cxd5 cxd5 13. Qb3 Ba6 14. Bxa6 Rxa6 15. Nb5 Ra8 16. Rc7 a4 17. Qd3 Rc8 18. Rfc1 Rxc7 19. Rxc7 Bd6 20. Ra7 Qb8 21. Rxa4 Rc8 22. Qd1 Ne4 23. Nxd6 Qxd6 24. Nd2 Qc6 25. h3 Qc1 26. Qxc1 Rxc1+ 27. Kh2 Nxd2 28. Ra8+ Kh7 29. Ra7 Nf6 30. Bxf6 gxf6 31. Rxf7+ Kg6 32. Rb7 Rc6 33. f3 Nc4 34. e4 Nxb2 35. exd5 exd5 36. Rd7 Nc4 37. Rxd5 Rd6 38. Rb5 Ne3 39. g4 Nc2 40. d5 Ne3 41. a4 Nxd5 42. a5 bxa5 43. Rxa5 Nc3 44. Kg3 Rd2 45. h4 Rd7 46. h5+ Kf7 47. Kf4 Kg7 48. Ra6 Kf7 49. Rc6 Ne2+ 50. Ke3 Nd4 51. Ra6 Nc2+ 52. Kf4 Re7 53. Rb6 1/2-1/2

[Event "POL-chT U19 2nd League"]
[Site "Iwonicz"]
[Date "2016.07.31"]
[Round "5.82"]
[White "Piechota, Kamil"]
[Black "Kebel, Bartosz"]
[Result "1-0"]
[WhiteElo "1337"]
[BlackElo "1308"]
[PlyCount "107"]
[EventDate "2016.07.23"]
[EventType "team-swiss"]
[EventRounds "11"]
[EventCountry "POL"]
[SourceTitle "EXT 2019"]
[Source "ChessBase"]
[SourceDate "2018.10.10"]
[SourceVersion "1"]
[SourceVersionDate "2018.10.10"]
[SourceQuality "1"]
[WhiteTeam "Rydultowy Ognisko U19 II"]
[BlackTeam "Wroclaw MUKS MDK Srodmiescie U19 II"]
[WhiteTeamCountry "POL"]
[BlackTeamCountry "POL"]

1. e4 c5 2. c3 d5 3. exd5 Qxd5 4. d4 Nc6 5. Nf3 Bg4 6. Be2 e6 7. 0-0 Nf6 8. h3 Bh5 9. Be3 cxd4 10. Nxd4 Bxe2 11. Qxe2 Be7 12. Nb5 Rc8 13. Nxa7 Nxa7 14. Bxa7 0-0 15. Be3 Rfd8 16. Nd2 Qd3 17. Qxd3 Rxd3 18. Nf3 Rcd8 19. Bd4 Nd5 20. Rfe1 Bf6 21. Bxf6 Nxf6 22. Re2 Rd1+ 23. Rxd1 Rxd1+ 24. Re1 Rxe1+ 25. Nxe1 Ne4 26. Kf1 Kf8 27. Ke2 Ke7 28. Ke3 Nc5 29. b3 Kd6 30. Nf3 f6 31. g4 h6 32. h4 g5 33. hxg5 hxg5 34. Nd2 Kd5 35. c4+ Ke5 36. Nf3+ Kd6 37. Ne1 f5 38. f3 Nd7 39. Nd3 Nf6 40. Nf2 Ke5 41. Nh3 Nh7 42. gxf5 exf5 43. f4+ gxf4+ 44. Nxf4 Ng5 45. Nd3+ Kd6 46. Kf4 Ne6+ 47. Kxf5 Nd4+ 48. Ke4 Nc2 49. a4 Na3 50. Kd4 Nc2+ 51. Kc3 Ne3 52. b4 Kc6 53. Nf4 Nf5 54. a5 1-0